Statistics for 2014 NBA Draft

Click here to take the quiz!

General Stats

  • This quiz has been taken 1,605 times
  • The average score is 14 of 60

Answer Stats

Pick # College Answer % Correct
#1 CavaliersKansasAndrew Wiggins
96%
#2 BucksDukeJabari Parker
84%
#3 76ersKansasJoel Embiid
76%
#5 JazzAustraliaDante Exum
68%
#6 CelticsOklahoma StateMarcus Smart
68%
#4 MagicArizonaAaron Gordon
68%
#7 LakersKentuckyJulius Randle
65%
#13 TimberwolvesUCLAZach LaVine
50%
#10 76ersUL-LafeyetteElfrid Payton
46%
#11 NuggetsCreightonDoug McDermott
42%
#8 KingsMichiganNik Stauskas
40%
#9 HornetsIndianaNoah Vonleh
34%
#12 MagicCroatiaDario Saric
31%
#19 BullsMichigan StateGary Harris
28%
#33 CavaliersVirginiaJoe Harris
28%
#24 HornetsUConnShabazz Napier
27%
#15 HawksMichigan StateAdreian Payne
27%
#14 SunsNC StateTJ Warren
27%
#17 CelticsKentuckyJames Young
26%
#23 JazzDukeRodney Hood
25%
#30 SpursUCLAKyle Anderson
24%
#18 SunsSyracuseTyler Ennis
23%
#21 ThunderMichiganMitch McGary
23%
#20 RaptorsBrazilBruno Caboclo
20%
#42 RocketsArizonaNick Johnson
20%
#16 BullsCroatiaJusuf Nurkic
20%
#25 RocketsSwitzerlandClint Capela
18%
#47 76ersLouisvilleRuss Smith
17%
#34 KnicksWichita StateCleanthony Early
16%
#22 GrizzliesUCLAJordan Adams
16%
#26 HeatNBA D-LeaguePJ Hairston
15%
#46 WizardsMissouriJordan Clarkson
15%
#41 NuggetsSerbiaNikola Jokic
15%
#32 76ersClemsonKJ McDaniels
13%
#40 TimberwolvesMichiganGlenn Robinson III
13%
#28 ClippersWashingtonCJ Wilcox
12%
#27 SunsSerbiaBogdan Bogdanovic
12%
#50 SunsWisconsin-Green BayAlec Brown
12%
#44 TimberwolvesOklahoma StateMarkel Brown
12%
#29 ThunderStanfordJosh Huestis
11%
#51 KnicksNBA D-LeagueThanasis Antetokounmpo
11%
#39 76ersSyracuseJerami Grant
11%
#45 HornetsStanfordDwight Powell
8%
#31 BucksFranceDamien Inglis
8%
#38 PistonsColoradoSpencer Dinwiddie
8%
#37 RaptorsUConnDeAndre Daniels
8%
#36 BucksLSUJohnny O'Bryant
8%
#60 SpursBaylorCory Jefferson
8%
#49 BullsNew MexicoCameron Bairstow
7%
#35 JazzTennesseeJarnell Stokes
7%
#43 HawksSpainWalter Tavares
6%
#48 BucksPittsburghLamar Patterson
6%
#58 SpursTennesseeJordan McRae
6%
#53 TimberwolvesItalyAlessandro Gentile
5%
#56 NuggetsIowaRoy Devyn Marble
5%
#52 76ersSerbiaVasilije Micic
4%
#55 HeatXavierSemaj Christon
4%
#59 RaptorsSan Diego StateXavier Thames
4%
#54 76ersSerbiaNemanja Dangubic
3%
#57 PacersFranceLouis Labeyrie
3%

Score Distribution

Percentile by Number Answered

Percent of People with Each Score

Your Score History

You have not taken this quiz